000 004850000a22001690004500
041 0 _aENG
082 0 4 _aG 266.1 M3651i
100 1 _aMarsh, Les A.
245 1 0 _aIn his name : A record of assembly missionary outreach from New Zeland / Les. A. Marsh
260 _aPalmerston North, New Zealand : G.P.H. Society
300 _a386 Pag
001 7657
942 _cBK
999 _c37863
_d37863
336 _atexto
_btxt
_2rdacontent
337 _2rdamedia
_asin mediación
_bn
338 _2rdacarrier
_avolumen
_bnc